000
00292nam a2200145Ia 4500
100
_a
Savitch/Walter
942
_c
BK
654
_a
C++
245
_a
Problem solving with C++
260
_b
Addison Wesly
_c
1995
082
_a
5.133
_b
SAV
300
_a
807
546
_a
ENGLISH
999
_c
20630
_d
20630